000 00470nam a2200193 a 4500
001 1774865108011
003 YourLibrary
005 20260330153908.0
008 260330s2002##################000#0#eng##
020 _a9780712667388
082 0 4 _a355.0092241
_bZIE
100 1 _aZiegler, Philip,
_eauthor.
245 1 0 _aSoldiers :
260 _c2002.
300 _a352 pages
650 0 _aGreat Britain.
942 _cENGLISH
040 _aYourLibrary
_beng
_cYourLibrary
999 _c618406
_d618406